Statistics for Counter Strike Games

Click here to take the quiz!

General Stats

  • This quiz has been taken 7 times
  • The average score is 5 of 9

Answer Stats

Release DateAnswer% Correct
9 November 2000Counter-Strike
100%
21 August 2012Counter-Strike: Global Offensive
100%
7 October 2004Counter-Strike: Source
100%
23 March 2004Counter-Strike: Condition Zero
83%
27 September 2023Counter-Strike 2
67%
27 October 2005Counter-Strike Neo
17%
24 July 2008Counter-Strike Online
17%
28 November 2013Counter-Strike Online 2
17%
7 October 2014Counter-Strike Nexon: Studio
0%

Score Distribution

Percentile by Number Answered

Percent of People with Each Score

Your Score History

You have not taken this quiz